Statistics for Anagrammed Cities

Click here to take the quiz!

General Stats

  • This quiz has been taken 45 times
  • The average score is 12 of 20

Answer Stats

HintCity% Correct
MORERome
97%
MAILLima
89%
ONLYLyon
89%
GOALSLagos
79%
RAM DIDMadrid
79%
ALL SADDallas
76%
HEN SATAthens
71%
NERVEDDenver
71%
TOON ROTToronto
71%
AVENGEGeneva
68%
PLANESNaples
63%
TOOLEDToledo
58%
PLOVER OILLiverpool
37%
A PURGEPrague
37%
FIERCERecife
37%
BUSH CRATEBucharest
34%
NEAR CRABCanberra
34%
ARABSBasra
29%
DEAN BUSHDushanbe
21%
PAW RENTAntwerp
13%

Score Distribution

Percentile by Number Answered

Percent of People with Each Score

Your Score History

You have not taken this quiz